LEADER 01318nam 2200325Ia 450 001 996393579603316 005 20221108064251.0 035 $a(CKB)3810000000005791 035 $a(EEBO)2240956473 035 $a(OCoLC)12251430 035 $a(EXLCZ)993810000000005791 100 $a19850710d1681 uy | 101 0 $aeng 135 $aurbn||||a|bb| 200 10$aNo Protestant-plot, or, The present pretended conspiracy of Protestants against the King and government$b[electronic resource] $ediscovered to be a conspiracy of the papists against the King and his Protestant-subjects 210 $aLondon $cPrinted for R. Lett$d1681 215 $a[2], 37 p 300 $aThe first and second parts have been attributed to the Earl of Shaftesbury, but Ferguson affirmed he wrote all three. Cf. Halkett & Laing (2nd ed.). 300 $aReproduction of original in Yale University Library. 330 $aeebo-0198 700 $aFerguson$b Robert$fd. 1714.$0795881 701 $aShaftesbury$b Anthony Ashley Cooper$cEarl of,$f1621-1683.$0249555 801 0$bEAA 801 1$bEAA 801 2$bm/c 801 2$bWaOLN 906 $aBOOK 912 $a996393579603316 996 $aNo Protestant-plot, or, The present pretended conspiracy of Protestants against the King and government$92423665 997 $aUNISA